KOHA-Header-6

Open Look Graphical User Interface Application Style Guidelines (Record no. 6244)

000 -LEADER
fixed length control field 00299nam a2200109Ia 4500
100 ## - MAIN ENTRY--AUTHOR NAME
Personal name AT & T
245 #0 - TITLE STATEMENT
Title Open Look Graphical User Interface Application Style Guidelines
260 ## - PUBLICATION, DISTRIBUTION, ETC. (IMPRINT)
Place of publication New York
Name of publisher Addison -Wesley
Year of publication 1990
300 ## - PHYSICAL DESCRIPTION
Number of Pages 388
942 ## - ADDED ENTRY ELEMENTS (KOHA)
Koha item type Books
Holdings
Withdrawn status Lost status Collection code Permanent Location Current Location Shelving location Date acquired Full call number Accession Number Koha item type
    Computer Science MAJU MAJU   2019-09-07 005.43 107 Computer Science

Powered by Koha